Sports Quiz

Random Sports or MLB Quiz
Score 0/41 Timer 05:00
0 Plays Today
Year Pitcher % Correct
2013Clayton Kershaw
100%
2012Clayton Kershaw
100%
2011Clayton Kershaw
100%
2010Clayton Kershaw
100%
2015Clayton Kershaw
100%
1993Orel Hershiser
97.5%
1992Orel Hershiser
97.5%
1989Orel Hershiser
97.5%
1988Orel Hershiser
97.5%
1987Orel Hershiser
97.5%
1986Fernando Valenzuela
96.7%
1985Fernando Valenzuela
96.7%
1984Fernando Valenzuela
96.7%
1983Fernando Valenzuela
96.7%
1982Fernando Valenzuela
96.7%
1981Fernando Valenzuela
96.7%
1978Don Sutton
88.3%
1977Don Sutton
88.3%
1976Don Sutton
88.3%
2014Zack Greinke
86.2%
2003Hideo Nomo
83.3%
Year Pitcher % Correct
1997Hideo Nomo
83.3%
1996Hideo Nomo
83.3%
2000Kevin Brown
74.9%
1999Kevin Brown
74.9%
1995Ramon Martinez
71.5%
1994Ramon Martinez
71.5%
1990Ramon Martinez
71.5%
1980Jerry Reuss
60.7%
2007Brad Penny
59.4%
2008Derek Lowe
59%
2006Derek Lowe
59%
2001Chan Ho Park
55.6%
1998Chan Ho Park
55.6%
1975Andy Messersmith
54%
2002Odalis Perez
37.7%
1979Rick Sutcliffe
36.4%
2005Jeff Weaver
31.4%
2004Jeff Weaver
31.4%
2009Randy Wolf
28.5%
1991Mike Morgan
25.9%
Remove Ads.
Support Sporcle.
Get the best of Sporcle when you Go Orange. This ad-free experience offers more features, more stats, and more fun while also helping to support Sporcle. Thank you for becoming a member.

You're not logged in!

Compare scores with friends on all Sporcle quizzes.
OR
Log In

Show Comments

Extras

Top Quizzes Today


Score Distribution

Your Account Isn't Verified!

In order to create a playlist on Sporcle, you need to verify the email address you used during registration. Go to your Sporcle Settings to finish the process.

Report this User

Report this user for behavior that violates our Community Guidelines.

Details: